000 00527ntaaa2200193 4500
003 01
005 20251027202931.0
008 0714s1973 ag 01
040 _aAR-BaBN
_bspa
_cAR-BaBN
_eaacr
_dRIC
082 _a922.6740 M96
100 _aMurray, Iain
_912720
245 _aSpurgeon
250 _a1 ed.
260 _aLondon :
_bBanner of Truth Trust,
_c1964
300 _a156 p
500 _aBiografía de Carlos Haddon Spurgeon (1834-1892), y la posición doctrinal del mismo
650 _aArminianos
_918135
942 _cBK
999 _c24628
_d24628